000 01057nam a22003257a 4500
003 CHAP
005 20220329134410.0
008 971013s1962 r 00010 d
010 _a19945
011 _a20917
035 _a25006
040 _cCHAP
090 _aTesis
100 0 0 _aAngeles Lopez, Jesus.
_95773
245 _aSistemas y métodos de reforestación artificial adecuados a la zona de Morelia, Michoacán
260 _aChapingo, Méx., :
_bEl autor,
_c1962
300 _a92 h.
_b: ilus
502 _aTesis (Ing. Agr. Esp. en Bosques) -- ENA. Departamento de Bosques
590 _aALEPH
_b10
_c20130110
_lUCH01
_h1243
590 _aBATCH-UPD
_b10
_c20130110
_lUCH01
_h1744
590 _aBATCH-UPD
_b10
_c20130410
_lUCH01
_h1122
590 _aBATCH-UPD
_b10
_c20130914
_lUCH01
_h0725
590 _aCONVERSION
_b10
_c20130109
_lUCH01
_h1312
650 1 4 _aBosques artificiales.
_914424
650 1 4 _aForestación
_xMichoacán.
_942347
650 1 4 _aPináceas.
_988210
901 _aBK
942 _cTESIS
949 _bBC
_cTES
_d-57683
_eTS1
_i25006
_si
999 _c19945
_d19945